000 00672nam a2200217 i 4500
001 C2-0256629
003 PPAK
005 20180727224011.0
008 040718s1985 my a|||| ||||| | eng d
040 _aPPAK
_beng
_cPPAK
_erda
082 0 4 _a630.9595
_223
090 0 0 _a630.9595
_bWOR
_dKK
245 0 0 _aWorld Bank dibursement seminar September 11 - 12 1985
264 1 _aKuala Lumpur :
_bFederal Treasury ,
_c1985
300 _aAny pages :
_billustrations ;
_c30 cm
336 _2rdacontent
_atext
337 _2rdamedia
_aunmediated
338 _2rdacarrier
_avolume
650 1 0 _aAgriculture - Research - Malaysia ; Agriculture and state - Malaysia
942 _ddc
_cB
999 _c68807
_d68807